|
|
|
|
| LEADER |
00000nas1a2200000 4500 |
| 001 |
396260 |
| 005 |
20231101064739.0 |
| 035 |
|
|
|a (RuTPU)RU\TPU\prd\34102
|
| 090 |
|
|
|a 396260
|
| 100 |
|
|
|a 20050322a20059999m y0rusy50 ca
|
| 101 |
0 |
|
|a rus
|
| 102 |
|
|
|a RU
|
| 110 |
|
|
|a afaz|||0uu0
|
| 200 |
1 |
|
|a Нано-и микросистемная техника
|e ежемесячный междисциплинарный теоретический и прикладной научно-технический журнал
|f Издательство "Новые технологии"
|
| 210 |
|
|
|a Москва
|c Новые технологии
|d 2005-2017, 2019-
|
| 305 |
|
|
|a Издаётся с 1999 г.
|
| 318 |
|
|
|5 63413507
|a Нанопанорама - 2008
|p Периодические издания
|b выставка
|
| 469 |
|
|
|0 (RuTPU)RU\TPU\subscr\2289
|
| 610 |
1 |
|
|a нанотехнологии
|
| 610 |
1 |
|
|a наносистемы
|
| 610 |
1 |
|
|a микроскопия
|
| 610 |
1 |
|
|a молекулярная электроника
|
| 610 |
1 |
|
|a биоэлектроника
|
| 610 |
1 |
|
|a моделирование
|
| 610 |
1 |
|
|a конструирование
|
| 712 |
0 |
2 |
|a Издательство "Новые технологии"
|4 570
|
| 801 |
|
1 |
|a RU
|b 63413507
|c 20050322
|g PSBO
|
| 801 |
|
2 |
|a RU
|b 63413507
|c 20191004
|g PSBO
|
| 856 |
4 |
|
|u http://www.microsystems.ru/
|
| 856 |
4 |
|
|u https://elibrary.ru/title_about.asp?id=9293
|
| 942 |
|
|
|c CR
|
| 969 |
|
|
|0 001RU\TPU\subscr\2289
|